000 01097nam a2200229Ia 4500
001 17698
005 20260410110201.0
008 260306s9999||||xx |||||||||||||| ||und||
041 _aESP
082 _a658.15
_bG348 2016
100 _aGitman, Lawrence
_eAUT
245 0 _aPrincipios de administración financiera
260 _c2016
300 _axlv, 804 páginas :
_c27 cm.
650 _aGEN
654 _aCAN
856 _uhttps://itmsp.museknowledge.com/UCSP?url=https://www.ebooks7-24.com:443/?il=25576&pg=1
_zVéase además: Principios de administración financiera, por Chad J. Zutter. Versión digital
856 _uhttps://0u213vwg6-y-https-ebooks7--24-com.itmsp.museknowledge.com/biblioteca.aspx
_zVéase además: Base de datos Ebook7-24
856 _uhttps://0u20fvwgb-y-https-research-ebsco-com.itmsp.museknowledge.com/c/qxo6us/search
_zVéase además: Base de datos EBSCOhost
856 _uhttps://0u20vvwd9-y-https-ebookcentral-proquest-com.itmsp.museknowledge.com/lib/catolicasp/home.action
_zVéase además: Base de datos ProQuest Ebook Central
942 _cLIB
_dJUS
_fJUS
_2ddc
999 _c17698
_d17698